000 00489nam a2200205Ia 4500
008 210210b1912 xxu||||| |||| 00| 0 eng d
041 _aeng
082 _a825/599
100 _aNEILSON (W A)
245 _aEssentials of poetry: lowell lectures 1911
260 _aLondon
_bConstatble & Co Ltd.
_c1912
650 _apoetry:
650 _aof
650 _alowell
650 _alectures
650 _aEssentials
650 _a1911
690 _aEnglish Criticism
906 _a014915
999 _c134146
_d134146